000 00577nam a22001937a 4500
003 LK-CoMWRAF
005 20231206130146.0
008 230929b1998 |||||||| |||| 00| 0 eng d
020 _a0471294551
040 _aLK-CoMWRAF
_dLK-CoMWRAF
_eLK-CoMWRAF
041 _aeng
082 _a658.4092
_bBOO
245 _aThe book of leadership wisdom:
_bclassic writings by legendary business leaders
260 _aNew York :
_bWiley,
_c1998
300 _a xiv, 493 p. ; 24 cm.
_bBibliography and index included
650 _aLEADERSHIP
700 _aKrass, Peter
_eed.
942 _cBK
999 _c3752
_d3752